| 000 | 02849nam a22002657a 4500 | ||
|---|---|---|---|
| 003 | NALT | ||
| 005 | 20231102091419.0 | ||
| 008 | 231005b th ||||| |||| 00| 0 tha d | ||
| 020 | _a9786164171985 | ||
| 040 | _aNALT | ||
| 086 | _aอว 08 1.2 2563-2566 | ||
| 110 | 2 |
_954529 _aกระทรวงการอุดมศึกษา วิทยาศาสตร์ วิจัยและนวัตกรรม. _bสำนักงานคณะกรรมการส่งเสริมวิทยาศาสตร์ วิจัยและนวัตกรรม (สกสว.) |
|
| 245 | 1 | 0 |
_aผลงานเด่นกองทุน ววน. ปี 2563-2566 / _cสำนักงานคณะกรรมการส่งเสริมวิทยาศาสตร์ วิจัยและนวัตกรรม (สกสว.). |
| 250 | _aพิมพ์ครั้งที่ 1 | ||
| 260 |
_aกรุงเทพฯ : _bสำนักงานคณะกรรมการส่งเสริมวิทยาศาสตร์ วิจัยและนวัตกรรม (สกสว.), _c2566. |
||
| 300 |
_a57 หน้า : _bภาพประกอบ, ตาราง, แผนภูมิ ; _c29 ซม. |
||
| 505 | 2 | _a1 ผลการดำเนินงานที่สำคัญด้านการแก้ปัญหาวิกฤตของประเทศ -- 2 ผลการดำเนินงานที่สำคัญภายใต้ มิติที่ 1 ภาคการผลิตและบริการเป้าหมาย -- 3 ผลการดำเนินงานที่สำคัญภายใต้ มิติที่ 2 โอกาสและความเสมอภาคทางเศรษฐกิจและสังคม -- 4 ผลการดำเนินงานที่สำคัญภายใต้ มิติที่ 3 ความยั่งยืนของทรัพยากรธรรมชาติและสิ่งแวดล้อม -- 5 ผลการดำเนินงานที่สำคัญภายใต้ มิติที่ 4 ปัจจัยการผลักดันการพลิกโฉมประเทศ. | |
| 610 | 2 | 4 |
_961881 _aสำนักงานคณะกรรมการส่งเสริมวิทยาศาสตร์ วิจัยและนวัตกรรม _xผลงาน _y2563-2566 |
| 850 | _aNALT | ||
| 856 | 4 | 0 | _uhttps://d.tsri.or.th/b5gnmWeJxY/Outstnading_SRI_Fund_Performance_2020-2023 |
| 942 |
_cGOV _2local |
||
| 996 |
_achunbijaya.r _bCATSTF _c2023-10-05 |
||
| 996 |
_ajamriang.p _bCATSTF _c2023-10-16 |
||
| 999 |
_c103636 _d103636 |
||
| 998 |
_j1524 _k นางสาวศรัณย์ภร ชำนาญป่า |
||